Régimen jurídico y social de la libertad condicional / (Record no. 51395)

MARC details
000 -LEADER
campo de control de longitud fija 00619nam a2200181 i 4500
001 - NÚMERO DE CONTROL
campo de control 51395
003 - IDENTIFICADOR DE NÚMERO DE CONTROL
campo de control ES-MaACL
005 - FECHA Y HORA DE LA ÚLTIMA TRANSACCIÓN
campo de control 20230906162343.0
007 - CAMPO FIJO DE DESCRIPCIÓN FÍSICA--INFORMACIÓN GENERAL
campo de control de longitud fija t|
008 - DATOS DE LONGITUD FIJA--INFORMACIÓN GENERAL
campo de control de longitud fija 030812s1947 ag ||||1| spa d
100 1# - ENTRADA PRINCIPAL--NOMBRE DE PERSONA
Nombre de persona Daien, Samuel.
9 (RLIN) 42454
245 10 - MENCIÓN DEL TÍTULO
Título Régimen jurídico y social de la libertad condicional /
Mención de responsabilidad, etc. Samuel Daien ; estudio crítico de Luis Jiménez de Asúa.
260 ## - PUBLICACIÓN, DISTRIBUCIÓN, ETC.
Lugar de publicación, distribución, etc. Buenos Aires :
Nombre del editor, distribuidor, etc. Edit. Bibliográfica Española,
Fecha de publicación, distribución, etc. 1947 (
Fabricante Macagno)
300 ## - DESCRIPCIÓN FÍSICA
Extensión 335 p. ;
Dimensiones 23 cm.
700 1# - ENTRADA AGREGADA--NOMBRE PERSONAL
Nombre de persona Jiménez de Asúa, Luis,
Fechas asociadas al nombre 1889-1970
9 (RLIN) 66491
852 ## - LOCALIZACIÓN
Ubicación ES-MaACL
Número de control de estantería D-6922
Sublocalización o colección R.31702
Holdings
Estatus retirado Estado de pérdida Estado de daño No para préstamo Biblioteca de origen Biblioteca actual Ubicación en estantería Fecha de adquisición Fuente de adquisición Total de préstamos Signatura topográfica completa Código de barras Visto por última vez Precio de reemplazo Tipo de ítem Koha
        Biblioteca del Ateneo de Madrid Biblioteca del Ateneo de Madrid Sala Valle Inclán 17/01/2008     D-6922 901054053 23/02/2023 23/02/2023 Libro impreso